000 01488namaa22003251i 4500
005 20260308093456.0
008 260111s1995 ua a|||frm||| 000 0 eng d
040 _aEG-GICUC
_beng
_cEG-GICUC
_dEG-GICUC
_erda
041 0 _aeng
_beng
_bara
049 _aDeposit
097 _aM.Sc
099 _aCai01.12.15.M.Sc.1995.Mo.M.
100 0 _aMohammed Fahmy Raslan Hussein,
_epreparation.
245 1 0 _aMineralogical And Beneficiation Studies For Some Radioactive Granites Along Wadi Balih, North Eastern Desert, Egypt /
_cBy Mohammed Fahmy Raslan Hussein; Supervision Prof. Dr. M. A. Takla, Prof. Dr. A. E. Khazbak, Assistant Prof. Dr. M. H. Shalaby.
246 1 5 _aدراسات معدنية وتركيز للمعادن المشعة من بعض الصخور الجرانيتية بوادي بليغ شمال الصحراء الشرقية، مصر
264 0 _c1995.
300 _a183 Leaves :
_billustrations ;
_c30 cm. +
336 _2rda content
_atext
337 _2rdamedia
_aUnmediated
338 _2rdacarrier
_avolume
502 _aThesis (M.Sc.) -Cairo University,1995.
504 _aBibliography: pages 171-183.
653 0 _aGeology
700 0 _aM. A. Takla
_ethesis advisor.
700 0 _aA. E. Khazbak
_ethesis advisor.
700 0 _aM. H. Shalaby
_ethesis advisor.
900 _DDepartment of Geology
_FFaculty of Science
_UCairo University
_b1995
_cM. A. Takla
_cA. E. Khazbak
_cM. H. Shalaby
905 _aEman El gebaly
_eNourhan
942 _2ddc
_cTH
_e21
_n0
999 _c177578